Lan hài Việt Nam

Tallennettuna:
Bibliografiset tiedot
Aineistotyyppi: Kirja
Kieli:Undetermined
Julkaistu: Hà Nội Birdlife International in Indochina 2004
Aiheet:
Tagit: Lisää tagi
Ei tageja, Lisää ensimmäinen tagi!
Thư viện lưu trữ: Trung tâm Học liệu Trường Đại học Cần Thơ
LEADER 00477nam a2200169Ia 4500
001 CTU_62954
008 210402s9999 xx 000 0 und d
082 |a 584.4 
082 |b L105 
245 0 |a Lan hài Việt Nam 
245 0 |c Leonid Averyanov ... [et al.] 
260 |a Hà Nội 
260 |b Birdlife International in Indochina 
260 |c 2004 
650 |a Orchids 
904 |i Minh (Nguyênsửa) 
980 |a Trung tâm Học liệu Trường Đại học Cần Thơ